书目信息 |
| 题名: |
体育概论
|
|
| 作者: | 曹湘君 编著 | |
| 分册: | ||
| 出版信息: | 北京 北京体育学院出版社 1988.07 |
|
| 页数: | 298页 | |
| 开本: | 20cm | |
| 丛书名: | ||
| 单 册: | ||
| 中图分类: | G8 | |
| 科图分类: | ||
| 主题词: | 体育理论 , 体育 | |
| 电子资源: | ||
| ISBN: | 7-81003-156-2 | |
| 000 | 00663nam0 2200253 45 | |
| 001 | 0185012187 | |
| 005 | 20040508144442.7 | |
| 010 | @a7-81003-156-2@dCNY1.70 | |
| 100 | @a19951027d1988 em y0chiy0121 ea | |
| 101 | 0 | @achi |
| 102 | @aCN@b110000 | |
| 105 | @ay z 000yy | |
| 106 | @ar | |
| 200 | 10 | @a体育概论@Ati yu gai lun@f曹湘君编著@FCao Xiang Jun Bian Zhu |
| 205 | @a2版 | |
| 210 | @a北京@c北京体育学院出版社@d1988.07 | |
| 215 | @a298页@d20cm | |
| 606 | @a体育理论 | |
| 606 | 0 | @a体育 |
| 690 | @aG8 | |
| 701 | 0 | @a曹湘君@4编著@Acao xiang jun |
| 801 | 0 | @aCN@b深圳图书馆@c20040508 |
| 801 | 2 | @aCN@bNLC@c20040508 |
| 905 | @f2@b216035-036@dG8@e70=2 | |
| 体育概论/曹湘君编著.-2版.-北京:北京体育学院出版社,1988.07 |
| 298页;20cm |
| ISBN 7-81003-156-2:CNY1.70 |
| ● |
| 相关链接 |
|
|
|
|
正题名:体育概论
索取号:G8/70=2
 
预约/预借
| 序号 | 登录号 | 条形码 | 馆藏地/架位号 | 状态 | 备注 |
| 1 | 0216035 | 000298056 | 密集书库/ [索取号:G8/70=2] | 在馆 | |
| 2 | 0216036 | 000298065 | 密集书库/ [索取号:G8/70=2] | 在馆 | |
| 3 | 0216037 | 000298127 | 第一样本阅览室/ [索取号:G8/70=2] | 在馆 |